<?xml version="1.0" encoding="UTF-8"?><?xml-stylesheet type="text/xsl" href="static/style.xsl"?><OAI-PMH xmlns="http://www.openarchives.org/OAI/2.0/" xmlns:xsi="http://www.w3.org/2001/XMLSchema-instance" xsi:schemaLocation="http://www.openarchives.org/OAI/2.0/ http://www.openarchives.org/OAI/2.0/OAI-PMH.xsd"><responseDate>2026-06-04T12:59:27Z</responseDate><request verb="GetRecord" identifier="oai:recam.amb.cat:20.500.14439/1486" metadataPrefix="marc">https://recam.amb.cat/rest/oai/request</request><GetRecord><record><header><identifier>oai:recam.amb.cat:20.500.14439/1486</identifier><datestamp>2025-04-14T07:27:45Z</datestamp><setSpec>com_20.500.14439_127</setSpec><setSpec>col_20.500.14439_145</setSpec></header><metadata><record xmlns="http://www.loc.gov/MARC21/slim" xmlns:dcterms="http://purl.org/dc/terms/" xmlns:xsi="http://www.w3.org/2001/XMLSchema-instance" xmlns:doc="http://www.lyncode.com/xoai" xsi:schemaLocation="http://www.loc.gov/MARC21/slim http://www.loc.gov/standards/marcxml/schema/MARC21slim.xsd">
   <leader>00925njm 22002777a 4500</leader>
   <datafield ind2=" " ind1=" " tag="042">
      <subfield code="a">dc</subfield>
   </datafield>
   <datafield ind2=" " ind1=" " tag="720">
      <subfield code="a">Aymerich, Anna</subfield>
      <subfield code="e">author</subfield>
   </datafield>
   <datafield ind2=" " ind1=" " tag="260">
      <subfield code="c">2022-01-02</subfield>
   </datafield>
   <datafield ind2=" " ind1=" " tag="520">
      <subfield code="a">Treball final del màster en Estudis Interdisciplinaris en Sostenibilitat Ambiental,Econòmica i Social (MEISAES) de la Universitat Autònoma de Barcelona (UAB). La base d'aquest treball és l'anàlisi de la reparació de dues tipologies de productesexistents: productes d'empresa a empresa (B2B) i productes d'empresa a consumidor(B2C). Mentre que l'estudi de productes B2B es realitza en estreta col·laboració ambun fabricant de producte original de màquines de cafè professionals, per a l'estudi deproductes B2C es compta amb la participació de Restarters Barcelona, l'entitat queorganitza uns esdeveniments de reparació anomenats "Restart Parties", als quals es portenuna gran diversitat d'aparells elèctrics i electrònics (AEEs) domèstics amb diferentsaveries.</subfield>
   </datafield>
   <datafield ind1="8" ind2=" " tag="024">
      <subfield code="a">https://hdl.handle.net/20.500.14439/1486</subfield>
   </datafield>
   <datafield ind1="8" ind2=" " tag="024">
      <subfield code="a">12414035</subfield>
   </datafield>
   <datafield tag="653" ind2=" " ind1=" ">
      <subfield code="a">Economia circular</subfield>
   </datafield>
   <datafield tag="653" ind2=" " ind1=" ">
      <subfield code="a">Residus</subfield>
   </datafield>
   <datafield tag="653" ind2=" " ind1=" ">
      <subfield code="a">Aparells elèctrics</subfield>
   </datafield>
   <datafield ind2="0" ind1="0" tag="245">
      <subfield code="a">Reparació de productes elèctr(òn)ics: pràctiques actuals a Barcelona</subfield>
   </datafield>
</record></metadata></record></GetRecord></OAI-PMH>